Hydrology (Record no. 4952)

000 -LEADER
fixed length control field 00585nam a2200205 4500
001 - CONTROL NUMBER
control field 4952
003 - CONTROL NUMBER IDENTIFIER
control field BD-DhUET
008 - FIXED-LENGTH DATA ELEMENTS--GENERAL INFORMATION
fixed length control field 790911s1979 enkaf b 001 0 eng
020 ## - INTERNATIONAL STANDARD BOOK NUMBER
International Standard Book Number 0080242618
040 ## - CATALOGING SOURCE
Original cataloging agency DLC
Transcribing agency DLC
Modifying agency BD-DhUET
082 00 - DEWEY DECIMAL CLASSIFICATION NUMBER
Classification number 551.49
Item number RAU/1979
100 1# - MAIN ENTRY--PERSONAL NAME
Personal name Raudkivi, A. J.
245 10 - TITLE STATEMENT
Title Hydrology
Remainder of title an advanced introduction to hydrological processes and modelling
Statement of responsibility, etc. by Arved J. Raudkivi
250 ## - EDITION STATEMENT
Edition statement 1st ed.
260 ## - PUBLICATION, DISTRIBUTION, ETC. (IMPRINT)
Place of publication, distribution, etc. New York
Name of publisher, distributor, etc. Pergamon Press
Date of publication, distribution, etc. 1979
300 ## - PHYSICAL DESCRIPTION
Extent ix,479p.
Other physical details ill.
Dimensions 26 cm.
504 ## - BIBLIOGRAPHY, ETC. NOTE
Bibliography, etc Includes bibliographies
650 #0 - SUBJECT ADDED ENTRY--TOPICAL TERM
Topical term or geographic name as entry element Hydrology
942 ## - ADDED ENTRY ELEMENTS (KOHA)
Koha item type General Book
Holdings
Koha full call number Sublocation or collection (holding branch) Price effective from Not for loan Date acquired Koha normalized classification for sorting Copy number Shelving location Location (home branch) Lost status Damaged status Koha date last seen Source of classification or shelving scheme Piece designation (barcode) Koha item type Withdrawn status
551.49/RAU/1979Central Library, BUET2014-11-23 2014-11-23551_490000000000000_RAU_19791Circulation sectionCentral Library, BUET  2014-11-23 58541General Book 
551.49/RAU/1979Central Library, BUET2014-11-23 2014-11-23551_490000000000000_RAU_19792Circulation sectionCentral Library, BUET  2014-11-23 58547General Book 
551.49/RAU/1979Central Library, BUET2014-11-23 2014-11-23551_490000000000000_RAU_19793Circulation sectionCentral Library, BUET  2014-11-23 58544General Book 
551.49/RAU/1979Central Library, BUET2014-11-23 2014-11-23551_490000000000000_RAU_19794Circulation sectionCentral Library, BUET  2014-11-23 58550General Book 
551.49/RAU/1979Central Library, BUET2014-11-23 2014-11-23551_490000000000000_RAU_19795Circulation sectionCentral Library, BUET  2014-11-23 58545General Book 
551.49/RAU/1979Central Library, BUET2014-11-23 2014-11-23551_000000000000000_49RAU19796Circulation sectionCentral Library, BUET  2014-11-23 58549General Book 
551.49/RAU/1979Central Library, BUET2014-11-23 2014-11-23551_490000000000000_RAU_19797Circulation sectionCentral Library, BUET  2014-11-23 58540General Book 
551.49/RAU/1979Central Library, BUET2014-11-23 2014-11-23551_490000000000000_RAU_19798Circulation sectionCentral Library, BUET  2014-11-23 51654General Book 
551.49/RAU/1979Central Library, BUET2014-11-23 2014-11-23551_490000000000000_RAU_19799Circulation sectionCentral Library, BUET  2014-11-23 58546General Book